NLSUI OPAC header image

Adjudicating revolution : (Record no. 213389)

MARC details
000 -LEADER
fixed length control field 01838cam a2200457 i 4500
001 - CONTROL NUMBER
control field 22418964
005 - DATE AND TIME OF LATEST TRANSACTION
control field 20250306111608.0
008 - FIXED-LENGTH DATA ELEMENTS--GENERAL INFORMATION
fixed length control field 220210s2022 enk b 0|1 0 eng d
010 ## - LIBRARY OF CONGRESS CONTROL NUMBER
LC control number 2022932625
015 ## - NATIONAL BIBLIOGRAPHY NUMBER
National bibliography number GBC249605
Source bnb
016 7# - NATIONAL BIBLIOGRAPHIC AGENCY CONTROL NUMBER
Record control number 020526551
Source Uk
020 ## - INTERNATIONAL STANDARD BOOK NUMBER
International Standard Book Number 1788971329
020 ## - INTERNATIONAL STANDARD BOOK NUMBER
International Standard Book Number 9781788971324
035 ## - SYSTEM CONTROL NUMBER
System control number (OCoLC)on1280600908
040 ## - CATALOGING SOURCE
Original cataloging agency YDX
Language of cataloging eng
Transcribing agency YDX
Modifying agency BDX
-- UKMGB
-- OCLCO
-- OCLCF
-- FML
-- YDX
-- DLC
042 ## - AUTHENTICATION CODE
Authentication code lccopycat
050 00 - LIBRARY OF CONGRESS CALL NUMBER
Classification number K2100
Item number .K39 2022
082 04 - DEWEY DECIMAL CLASSIFICATION NUMBER
Classification number 347.01
Edition number 23
100 1# - MAIN ENTRY--PERSONAL NAME
Personal name Kay, Richard S.
245 10 - TITLE STATEMENT
Title Adjudicating revolution :
Remainder of title courts and constitutional change.
260 ## - PUBLICATION, DISTRIBUTION, ETC.
Place of publication, distribution, etc. Cheltenham, UK :
Name of publisher, distributor, etc. Edward Elagar Publishing,
Date of publication, distribution, etc. [2022]
300 ## - PHYSICAL DESCRIPTION
Extent xi, 240 pages;
Dimensions 25 cm.
336 ## - CONTENT TYPE
Content type term text
Source rdacontent
365 ## - TRADE PRICE
Price amount Rs. 11130.00
490 1# - SERIES STATEMENT
Series statement Elgar monographs in constitutional and administrative law
504 ## - BIBLIOGRAPHY, ETC. NOTE
Bibliography, etc. note Includes bibliographical references and index.
505 ## - FORMATTED CONTENTS NOTE
Formatted contents note Contents: <br/>1. Introduction: the law of revolutions;<br/>2. Confederate States of America, 1861–96;<br/>3. Argentina, 1865–1990;<br/>4. Colombia, 1957–2003;<br/>5. Rhodesia, 1965–70;<br/>6. Spain and Catalonia, 1935–2019;<br/>7. Grenada, 1985;<br/>8. Peru, 2002–03;<br/>9. Fiji, 2001–09;<br/>Appendix: Other cases;<br/>Index.
650 #0 - SUBJECT ADDED ENTRY--TOPICAL TERM
Topical term or geographic name entry element Courts
General subdivision Political aspects.
650 #0 - SUBJECT ADDED ENTRY--TOPICAL TERM
Topical term or geographic name entry element Revolutions.
650 #0 - SUBJECT ADDED ENTRY--TOPICAL TERM
Topical term or geographic name entry element Constitutional law
Form subdivision Cases.
650 #6 - SUBJECT ADDED ENTRY--TOPICAL TERM
Topical term or geographic name entry element Tribunaux
General subdivision Aspect politique.
650 #6 - SUBJECT ADDED ENTRY--TOPICAL TERM
Topical term or geographic name entry element Révolutions.
650 #6 - SUBJECT ADDED ENTRY--TOPICAL TERM
Topical term or geographic name entry element Droit constitutionnel
Form subdivision Jurisprudence.
650 #7 - SUBJECT ADDED ENTRY--TOPICAL TERM
Topical term or geographic name entry element revolutions.
Source of heading or term aat
650 #7 - SUBJECT ADDED ENTRY--TOPICAL TERM
Topical term or geographic name entry element Constitutional law.
Source of heading or term fast
Authority record control number or standard number (OCoLC)fst00875797
650 #7 - SUBJECT ADDED ENTRY--TOPICAL TERM
Topical term or geographic name entry element Revolutions.
Source of heading or term fast
Authority record control number or standard number (OCoLC)fst01096737
655 #7 - INDEX TERM--GENRE/FORM
Genre/form data or focus term Trials, litigation, etc.
Source of term fast
Authority record control number or standard number (OCoLC)fst01423712
700 1# - ADDED ENTRY--PERSONAL NAME
Personal name Colon-Rios, Joel I.
830 #0 - SERIES ADDED ENTRY--UNIFORM TITLE
Uniform title Elgar monographs in constitutional and administrative law.
942 ## - ADDED ENTRY ELEMENTS (KOHA)
Source of classification or shelving scheme Dewey Decimal Classification
Koha item type BOOKs
Holdings
Withdrawn status Lost status Source of classification or shelving scheme Materials specified (bound volume or other part) Damaged status Not for loan Home library Current library Shelving location Date acquired Source of acquisition Cost, normal purchase price Total Checkouts Full call number Barcode Date last seen Price effective from Koha item type Public note
    Dewey Decimal Classification HB   Not For Loan . . REFERENCE SECTION 06.03.2025 Purchased - Segment Book 11130.00   347.01 KAY 40038 06.03.2025 06.03.2025 BOOKs Recommended by Prof. Dr. Sanjay Jain